Score 0/54 Timer 20:00
0 Plays Today
A B % Correct
(S) - (Sample)Change one letter to make a fruit
93.8%
(AMPLE)apple
80.1%
E - British KingCountry with dam near three of these
64%
O - US PresidentThis Monty Python's craft is full of what?
59.9%
I - Zodiac SignRoman equivalent of this god
59.8%
L - AnimalDefunct make of this car model
58.2%
M - Cartoon FilmThe country whose capital begins with this
57.8%
D - Bond actorFood Network star with this first name
57.2%
T - InstrumentAppropriate anagram of this word
57.1%
A - US StateOpposite of this pronoun
56.8%
U - French KingShe is the cartoon wife on this show
56.2%
R - Fish'Right away' in French is this word + de __
55.8%
F - BirdNumber of these in a hand
53.5%
B - ElementHer 'American in Paris' co-star
53.1%
Q - Country-AsiaSurname of this co-composing brother
52.1%
C - Brady kidBernstein musical with this song
50.7%
Z - Country-NAAdd a letter to its end to make a tenet
50.3%
MINEYours
50.1%
ARESMars
48.1%
Y - Best PictureWhat this beats in the classic game
46%
BELIEbelief
45.7%
LOISFamily Guy
45.1%
S - World CapitalIts family of carnivorous mammals
44.9%
X - MagazineMusical that is a homophone of this
44%
ROCKscissors
43.2%
P - TreeChromosomic designation for this
42.6%
J - French cityThe way he described Sue in song
42%
A B % Correct
INCHfour
41.2%
FLUEfuel
39.9%
W - ScientistKiller he immortalized in song
39.6%
H - VegetableCity that is home to this MLBer
38.7%
V - QuarterbackA homophone of this word
38.1%
MARIAWest Side Story
36.3%
FAREfair
35.9%
MALEXY
35.8%
K - SmurfThe TV show that this one spun off of
35.5%
MAIMMame
34.9%
GORGEChina
33.4%
ULANMongolia
33.4%
IRAGershwin
32.8%
JOEYFriends
31.5%
G - StarAsian country with this currency
31.2%
ALTONBrown
30.9%
N - UN headBehead this word to make clothing
29.3%
THAThat
27.1%
IONSaturn
26%
TOUTsuite
25.4%
CARDSt. Louis
23.9%
CARONGene Kelly
20.9%
DIONRunaround
20.8%
MINKweasel
18.8%
DARINMack the Knife
16.4%
RIELCambodia
16%
HOVEReels
14.3%
Remove Ads.
Support Sporcle.
Get the best of Sporcle when you Go Orange. This ad-free experience offers more features, more stats, and more fun while also helping to support Sporcle. Thank you for becoming a member.

You're not logged in!

Compare scores with friends on all Sporcle quizzes.
OR
Log In

Show Comments

Extras

Top Quizzes Today


Score Distribution

Your Account Isn't Verified!

In order to create a playlist on Sporcle, you need to verify the email address you used during registration. Go to your Sporcle Settings to finish the process.

Report this User

Report this user for behavior that violates our Community Guidelines.

Details: